LEADER 01009nam0 2200289 450 001 000008561 005 20071114153710.0 010 $a88-14-10591-X 100 $a20071114d2003----km-y0itay50------ba 101 0 $aita 102 $aIT 105 $ay-------001yy 200 1 $a<>corpus juris 2000$eun modello di tutela penale dei beni giuridici comunitari$fa cura di Giovanni Grasso e Rosaria Sicurella 210 $aMilano$cGiuffrè$d2003 215 $a377 p.$d23 cm 225 2 $aPubblicazioni del Centro di diritto penale europeo, Catania 410 0$12001$aPubblicazioni del Centro di diritto penale europeo, Catania 610 1 $aDiritto penale - Unificazione - Paesi della Comunità europea 676 $a345.026$v20 676 $a345.4$v21 702 1$aGrasso,$bGiovanni$c<1950- > 702 1$aSicurella,$bRosaria 801 0$aIT$bUNIPARTHENOPE$gRICA$2UNIMARC 912 $a000008561 951 $aH-0164$b037451$cNAVA3$d20071114 996 $aCorpus Juris 2000$91059298 997 $aUNIPARTHENOPE